Devinez le pays mystère grâce à des indices directionnels — Aléatoire - Statistiques

Statistiques générales
  • Ce quiz a été pris 616 fois
  • Le résultat moyen est 120 sur 196
Réponses sur la Carte
Les réponses sont colorées sur une échelle allant du rouge au vert en fonction du pourcentage des utilisateurs qui les ont devinées à leur premier essai. Vous pouvez retrouver ces pourcentages ci-dessous.
 
Statistiques - réponses
Pays % Correct
France
90%
Chine
78%
Espagne
75%
États-Unis
74%
Italie
71%
Japon
71%
Russie
69%
Allemagne
68%
Portugal
68%
Algérie
66%
Australie
66%
Belgique
66%
Corée du Sud
66%
Suisse
66%
Afrique du Sud
65%
Brésil
65%
Égypte
65%
Inde
65%
Indonésie
65%
Iran
65%
Laos
65%
Mexique
65%
Nouvelle-Zélande
65%
Papouasie-Nouvelle-Guinée
65%
Philippines
65%
Royaume-Uni
65%
Viêt Nam
65%
Argentine
64%
Danemark
64%
Estonie
64%
Madagascar
64%
Maroc
64%
République Démocratique du Congo
64%
Sénégal
64%
Singapour
64%
Arabie Saoudite
63%
Bénin
63%
Cameroun
63%
Corée du Nord
63%
Côte d'Ivoire
63%
Éthiopie
63%
Fidji
63%
Gabon
63%
Grèce
63%
Jamaïque
63%
Mongolie
63%
République du Congo
63%
Saint-Vincent-et-les-Grenadines
63%
Samoa
63%
Soudan
63%
Taïwan
63%
Turquie
63%
Andorre
61%
Autriche
61%
Birmanie
61%
Brunei
61%
Cambodge
61%
Canada
61%
Costa Rica
61%
Cuba
61%
Émirats Arabes Unis
61%
États Fédérés de Micronésie
61%
Gambie
61%
Ghana
61%
Guinée
61%
Haïti
61%
Jordanie
61%
Kenya
61%
Kiribati
61%
Koweït
61%
Liechtenstein
61%
Lituanie
61%
Luxembourg
61%
Malaisie
61%
Mali
61%
Malte
61%
Monaco
61%
Nicaragua
61%
Oman
61%
Palaos
61%
Panama
61%
Pays-Bas
61%
Pologne
61%
Qatar
61%
Sainte-Lucie
61%
Somalie
61%
Soudan du Sud
61%
Sri Lanka
61%
Tanzanie
61%
Tchad
61%
Thaïlande
61%
Trinité-et-Tobago
61%
Tunisie
61%
Vatican
61%
Yémen
61%
Albanie
60%
Angola
60%
Bahamas
60%
Bahreïn
60%
Barbade
60%
Bolivie
60%
Burundi
60%
Cap-Vert
60%
Chili
60%
Chypre
60%
Dominique
60%
Équateur
60%
Eswatini
60%
Finlande
60%
Guatemala
60%
Guinée-Bissau
60%
Guinée Équatoriale
60%
Guyana
60%
Honduras
60%
Hongrie
60%
Îles Marshall
60%
Irak
60%
Irlande
60%
Islande
60%
Lettonie
60%
Libye
60%
Malawi
60%
Maldives
60%
Mauritanie
60%
Niger
60%
Norvège
60%
Ouganda
60%
Ouzbékistan
60%
Pakistan
60%
Pérou
60%
République Centrafricaine
60%
République Dominicaine
60%
Roumanie
60%
Rwanda
60%
Saint-Christophe- et-Niévès
60%
Saint-Marin
60%
Seychelles
60%
Slovaquie
60%
Suède
60%
Suriname
60%
Syrie
60%
Timor Oriental
60%
Togo
60%
Tonga
60%
Ukraine
60%
Vanuatu
60%
Zambie
60%
Afghanistan
59%
Antigua-et-Barbuda
59%
Arménie
59%
Azerbaïdjan
59%
Bangladesh
59%
Belize
59%
Bhoutan
59%
Biélorussie
59%
Bosnie-Herzégovine
59%
Botswana
59%
Bulgarie
59%
Burkina Faso
59%
Colombie
59%
Comores
59%
Croatie
59%
Djibouti
59%
Érythrée
59%
Géorgie
59%
Grenade
59%
Îles Salomon
59%
Israël
59%
Kazakhstan
59%
Kirghizistan
59%
Kosovo
59%
Lesotho
59%
Liban
59%
Liberia
59%
Macédoine du Nord
59%
Maurice
59%
Moldavie
59%
Monténégro
59%
Mozambique
59%
Namibie
59%
Nauru
59%
Népal
59%
Nigeria
59%
Paraguay
59%
République Tchèque
59%
Salvador
59%
Sao Tomé-et-Principe
59%
Serbie
59%
Sierra Leone
59%
Slovénie
59%
Tadjikistan
59%
Turkménistan
59%
Tuvalu
59%
Uruguay
59%
Venezuela
59%
Zimbabwe
59%
Aucun quiz correspondant
Distribution des résultats
% des personnes avec chaque résultat
Percentile par nombre de réponses
Votre historique - résultats
Vous n’avez pas pris ce quiz